Socjologia - Statystyki

Ogólne statystyki
  • Ten quiz został rozwiązany 25 razy
  • Średni wynik to 14 z 19
Statystyki odpowiedzi
Zagadnienie Odpowiedź % Poprawnych
Skłonność do wyoszenia własnej grupy ponad inne i traktowanie swojej kultury jako najważniejszej oraz ocenianie zachowań w innych kulturach zgodnie z normami kultury własnej to etnocentryzm
100%
Kiedy pijesz alkohol, bo tego oczekują od ciebie koledzy, to jest to wyraz konformizmu
100%
Zespół cech wzajemnie wpływających na siebie, które manifestowane są poprzez ludzkie zachowania to osobowość
100%
Zgodnie z koncepcją Z. Freuda to co determinuje zachowania ludzkie to popęd
100%
Co to jest anomia społeczna? stan względnego zaniku i rozchwiania norm w społeczeństwie, skutkujący osłabieniem więzi społecznych, niemożnością odróżnienia dobra od zła przez dużą część członków tego społeczeństwa
100%
Dowolny przedmiot materialny lub niematerialny w stosunku do którego człowiek przejawia zainteresowanie i chęć zdobycia go to wartość
100%
Tabu kulturowe to w socjologii inaczej zakaz
100%
Optymalny rezultat socjalizacji to sytuacja kiedy ludzie jeżdżą zgodnie z przepisami ruchu drogowego, nawet kiedy nie stoi policja
80%
Konformizm to mechanizm przystosowania ludzi do społeczeństwa
80%
Gender to płeć społeczno-kulturowa
80%
Funkcjonujący w świadomości społecznej skrótowy, uproszczony i często zabarwiony wartościująco obraz jednostki należącej do określonej grupy społecznej, np. zawodowej, to stereotyp
80%
Zgodnie z podejściem behawiorystycznym: człowiek jest istotą reaktywną: zdeterminowaną przez środowisko zewnętrzne
60%
Do której odpowiedzi nie pasuje następujące pojęcie: jest to grupa, która jest dla danej jednostki źródłem norm i wartości, a także wzorów zachowań, wedle których modeluje własne postępowanie grupa obca
60%
Jak rozumiemy pojęcie sankcji społecznych na gruncie socjologii? kary i nagrody
60%
Zmiana związana z faktem, że człowiek miał początkowo inne zdanie czy inaczej się zachowywał niż reszta grupy a następnie zmienił je w kierunku zgodnym z oczekiwaniami grupy ro konformizm
60%
Rodzina z socjologicznego punktu widzenia nie jest stowarzyszeniem
60%
Z perspektywy socjologicznej funkcją rodziny jako instytucji społecznej nie jest zapewnienie każdemu dziecku dostęp do smartfona
60%
Związek jednej kobiety z wieloma mężczyznami to poliandria
20%
Które zakończenie zdania nie pasuje do terminu nonkonformizm to to samo, co antykonformizm
0%
Nie znaleziono quizów pasujących do podanych kryteriów
Rozkład punktacji
Procent ludzi z każdym wynikiem
Percentyl według liczby udzielonych odpowiedzi
Twoja historia wyników
Nie rozwiązałeś tego quizu